Mathematics II (Record no. 83742)

MARC details
000 -LEADER
fixed length control field 00450nam a22001697a 4500
005 - DATE AND TIME OF LATEST TRANSACTION
control field 20230103165549.0
008 - FIXED-LENGTH DATA ELEMENTS--GENERAL INFORMATION
fixed length control field 230103b |||||||| |||| 00| 0 eng d
020 ## - INTERNATIONAL STANDARD BOOK NUMBER
International Standard Book Number 9789355012012
041 ## - LANGUAGE CODE
Language code of text/sound track or separate title eng
082 ## - DEWEY DECIMAL CLASSIFICATION NUMBER
Classification number 510
Item number DASS
245 ## - TITLE STATEMENT
Title Mathematics II
250 ## - EDITION STATEMENT
Edition statement 1st
260 ## - PUBLICATION, DISTRIBUTION, ETC.
Place of publication, distribution, etc. New Delhi
Name of publisher, distributor, etc. S Chand and Company Ltd
Date of publication, distribution, etc. 2022
300 ## - PHYSICAL DESCRIPTION
Extent 1-470
520 ## - SUMMARY, ETC.
Summary, etc. Integral Calculus<br/>Multivariable calculus<br/>Vector Calculus<br/>Stastistics
942 ## - ADDED ENTRY ELEMENTS (KOHA)
Koha item type Books

No items available.